|
|
|
|
| LEADER |
00000nam0a2200000 4500 |
| 001 |
333504 |
| 005 |
20231102004549.0 |
| 035 |
|
|
|a (RuTPU)RU\TPU\book\359499
|
| 035 |
|
|
|a RU\TPU\book\359497
|
| 090 |
|
|
|a 333504
|
| 100 |
|
|
|a 20170616d1980 k y0rusy50 ca
|
| 101 |
0 |
|
|a rus
|
| 102 |
|
|
|a RU
|
| 105 |
|
|
|a a z 001zy
|
| 200 |
1 |
|
|a Рекомбинационная люминесценция и лазерная спектроскопия
|e [сборник научных трудов]
|f Академия наук СССР (АН СССР), Физический институт им. П. Н. Лебедева (ФИАН) ; гл. ред. Н. Г. Басов
|
| 210 |
|
|
|a Москва
|c Наука
|d 1980
|
| 215 |
|
|
|a 147 с.
|c ил.
|
| 225 |
1 |
|
|a Труды физического института им. П. Н. Лебедева (ФИАН)
|v Т. 117
|
| 320 |
|
|
|a Библиогр. в конце статей
|
| 606 |
1 |
|
|a Люминесценция
|x Поляризация
|2 stltpush
|3 (RuTPU)RU\TPU\subj\40685
|9 60527
|
| 606 |
1 |
|
|a Спектроскопия лазерная
|2 stltpush
|3 (RuTPU)RU\TPU\subj\55802
|9 73763
|
| 610 |
1 |
|
|a кристаллофосфоры
|
| 610 |
1 |
|
|a рекомбинационные процессы
|
| 610 |
1 |
|
|a нелинейные эффекты
|
| 610 |
1 |
|
|a свечение
|
| 610 |
1 |
|
|a тушение
|
| 610 |
1 |
|
|a яркость
|
| 610 |
1 |
|
|a интенсивность
|
| 610 |
1 |
|
|a ИК-свет
|
| 610 |
1 |
|
|a затухание
|
| 610 |
1 |
|
|a СВЧ-излучение
|
| 610 |
1 |
|
|a поглощение
|
| 675 |
|
|
|a 535.37
|v 4
|
| 675 |
|
|
|a 535.33:621.373.826
|v 4
|
| 702 |
|
1 |
|a Басов
|b Н. Г.
|4 651
|
| 712 |
0 |
2 |
|a Академия наук СССР (АН СССР)
|b Физический институт им. П. Н. Лебедева (ФИАН)
|c (Москва)
|2 stltpush
|3 (RuTPU)RU\TPU\col\13766
|
| 801 |
|
1 |
|a RU
|b 63413507
|c 20090330
|g PSBO
|
| 801 |
|
2 |
|a RU
|b 63413507
|c 20210812
|g PSBO
|
| 942 |
|
|
|c BK
|